header

The subject of Lacan (Record no. 211790)

MARC details
000 -LEADER
fixed length control field 01499nam a2200373Ia 4500
082 04 - DEWEY DECIMAL CLASSIFICATION NUMBER
Classification number 150.19/5
245 04 - TITLE STATEMENT
Title The subject of Lacan
260 ## - PUBLICATION, DISTRIBUTION, ETC. (IMPRINT)
Place of publication Albany :
Name of publisher State University of New York Press,
Year of publication c2000.
300 ## - PHYSICAL DESCRIPTION
Number of Pages xiv, 388 p. :
Other physical details ill.
490 0# - SERIES STATEMENT
Series statement SUNY series, alternatives in psychology
Series statement SUNY series in psychoanalysis and culture
650 #0 - SUBJECT ADDED ENTRY--TOPICAL TERM
Topical Term Psychoanalysis.
700 1# - ADDED ENTRY--PERSONAL NAME
Personal name Malone, Kareen Ror,
Personal name Friedlander, Stephen R.,
856 40 - ELECTRONIC LOCATION AND ACCESS
Uniform Resource Identifier http://site.ebrary.com/lib/rucke/Doc?id=10587131

No items available.

© 2026 Rongo University
Contact us: librarian | system librarian | Rongo university